000
00323nam a2200145Ia 4500
008
210210b1942 xxu||||| |||| 00| 0 eng d
041
_a
eng
082
_a
881/10
100
_a
BHARAVI
245
_a
KIratarjuniya
260
_a
Bombay
_b
-
_c
1942
650
_a
KIratarjuniya
690
_a
Sanskrit Poetry
906
_a
024182
999
_c
149529
_d
149529